Miért vesztjük el társaink javát
Elmentve itt :
| Szerző: | |
|---|---|
| Adatforrás: | Meister |
| Forrásdokumentuma: | A Hét. - 9 sz., 1993, 2 p. |
| Nyelv: | magyar |
| Kulcsszavak: | in memoriam HORVÁTH Imre |
| LEADER | 00345nab a2200133 i 4500 | ||
|---|---|---|---|
| 001 | bibPRO00007909 | ||
| 008 | 060524s1993 xx hun | ||
| 040 | |a Sz1 | ||
| 041 | |a hun | ||
| 100 | 1 | |a LÉTAY Lajos | |
| 245 | 1 | 0 | |a Miért vesztjük el társaink javát |c LÉTAY Lajos |
| 695 | |a in memoriam | ||
| 695 | |a HORVÁTH Imre | ||
| 773 | 0 | |t A Hét. - |g 9 sz., 1993, 2 p. | |